000 00567nam a22001817a 4500
005 20251108165228.0
008 250721s1979 xx 000 0 ara d
082 1 4 _a551.4/حسن
100 1 _aأبو العينين، حسن سيد أحمد
245 1 0 _aكوكب الأرض :
_bظواهره التضاريسية الكبرى /
250 _aط5
264 1 _aبيروت :
_bدار النهضة العربية،
_c1979.
300 _a595ص : مص
650 1 7 _aالجغرافيا الطبيعية
650 1 7 _aالأرض
942 _2ddc
_cBK
999 _c22673
_d22673